Boiardo a Scandiano : dieci anni di studi : atti del Convegno, Scandiano 21 maggio 2011 /

Bibliographic Details
Corporate Author: Convegno su Boiardo a Scandiano Scandiano, Italy
Other Authors: Canova, Andrea, Ruozzi, Gino
Format: Conference Proceeding Book
Language:Italian
Published: Novara : Interlinea, [2012]
Series:Studi ; 68.
Studi boiardeschi ; 10.
Subjects:

MARC

Tag First Indicator Second Indicator Subfields
LEADER 00000cam a2200000 a 4500
001 in00002781351
005 20150922133813.0
008 121005s2012 it a b 101 0 ita d
010 |a  2012442571 
020 |a 9788882128524 
020 |a 8882128520 
035 |a (OCoLC)ocn815512862 
040 |a C3L  |c C3L  |d EYM  |d TXA  |d UtOrBLW 
043 |a e-it--- 
049 |a TXAM 
090 |a PQ4614  |b .C66 2011 
111 2 |a Convegno su Boiardo a Scandiano  |d (2011 :  |c Scandiano, Italy) 
245 1 0 |a Boiardo a Scandiano :  |b dieci anni di studi : atti del Convegno, Scandiano 21 maggio 2011 /  |c a cura di Andrea Canova e Gino Ruozzi. 
264 1 |a Novara :  |b Interlinea,  |c [2012] 
264 4 |c ©2012 
300 |a 175 pages :  |b illustrations ;  |c 24 cm. 
336 |a text  |b txt  |2 rdacontent 
337 |a unmediated  |b n  |2 rdamedia 
338 |a volume  |b nc  |2 rdacarrier 
490 1 |a Studi ;  |v 68 
490 1 |a Studi boiardeschi ;  |v 10 
504 |a Includes bibliographical references and index. 
600 1 0 |a Boiardo, Matteo Maria,  |d 1440 or 1441-1494  |x Criticism and interpretation  |v Congresses. 
610 2 0 |a Centro studi Matteo Maria Boiardo  |v Congresses. 
651 0 |a Scandiano (Italy)  |x Intellectual life  |v Congresses. 
700 1 |a Canova, Andrea. 
700 1 |a Ruozzi, Gino. 
830 0 |a Studi ;  |v 68. 
830 0 |a Studi boiardeschi ;  |v 10. 
948 |a cataloged  |b h  |c 2012/11/2  |d c  |e dmitchel  |f 2:44:28 pm 
994 |a C0  |b TXA 
999 |a MARS 
999 f f |s 1b39c03b-a7e5-3e7a-854e-30be2bb703cf  |i d653ca2e-d450-3de6-9b31-72d2184c1f7c  |t 0 
952 f f |p normal  |a Texas A&M University  |b College Station  |c Sterling C. Evans Library  |d Evans: Library Stacks  |t 0  |e PQ4614 .C66 2011  |h Library of Congress classification  |i unmediated -- volume  |m A14838750597 
998 f f |a PQ4614 .C66 2011  |t 0  |l Evans: Library Stacks